000 00350nam a2200145Ia 4500
003 OSt
005 20240103125002.0
008 170524s9999 xx 000 0 und d
020 _a8173270783
040 _cIIMT UNIVERSITY
100 _aThakur Ganga prasad
245 0 _aBharat main press kaanun
260 _bBHOPAL: MADHYAPRADESH
942 _2ddc
_c01
999 _c8948
_d8948